Welcome to the Holygrace Academy Library

Please use search bar below to get started

TOGETHER WITH SCIENCE (Record no. 925)

MARC details
000 -LEADER
fixed length control field 00502nam a22001457a 4500
020 ## - INTERNATIONAL STANDARD BOOK NUMBER
ISBN 978-93-89173-02-4
082 ## - DEWEY DECIMAL CLASSIFICATION NUMBER
Classification number 300
Item number KAP/S
100 ## - MAIN ENTRY--AUTHOR NAME
Personal name RP MANCHANDA, Dr. NEHA JINDAL, Ms. ARCHITA BARUAH BATTACHARYYA
245 ## - TITLE STATEMENT
Title TOGETHER WITH SCIENCE
Remainder of title CLASS IX
260 ## - PUBLICATION, DISTRIBUTION, ETC. (IMPRINT)
Place of publication DELHI
Name of publisher RACHNA SAGAR PVT LTD
Year of publication 2019
300 ## - PHYSICAL DESCRIPTION
Number of Pages 475
520 ## - SUMMARY, ETC.
Summary, etc SUBJECT ENRICHMENT ACTIVITIES, PRACTICE PAPERSDESIGNED ON TIME MANAGEMENT SKILLS, MCQ, HOTS, SOLVED QUESTION BANK
650 ## - SUBJECT ADDED ENTRY--TOPICAL TERM
Topical Term SCIENCE FOR CLASS IX
Geographic subdivision INDIA
942 ## - ADDED ENTRY ELEMENTS (KOHA)
Koha item type Books
Holdings
Withdrawn status Lost status Collection code Home library Current library Shelving location Date acquired Source of acquisition Cost, normal purchase price Full call number Accession Number Koha item type
    Reference Main Library Main Library SHELF 7C CLASS IX SCIENCE&PHYSIC 12/02/2020 purchase 449.00 300 KAP/S 12429 Books